| 000 | 00579nam a22001937a 4500 | ||
|---|---|---|---|
| 003 | OSt | ||
| 005 | 20260609153348.0 | ||
| 008 | 260609b |||||||| |||| 00| 0 eng d | ||
| 020 | _a1401300014 | ||
| 040 | _cChuka University Library | ||
| 050 | _aLB 1025.3 .C5 2003 | ||
| 100 |
_aClark Ron _928047 |
||
| 245 | _aThe essential 55; An award winning educator's rules for discovering the successful student in every child | ||
| 250 | _a1st Ed. | ||
| 260 |
_aNew York _bHyperion _c2003 |
||
| 300 | _avarious paging | ||
| 650 |
_aThe essential 55 _928048 |
||
| 942 |
_2lcc _cBK _n0 |
||
| 999 |
_c23709 _d23709 |
||